Mercy - Bad Omens - Statistics

General Stats
  • This quiz has been taken 4 times
  • The average score is 377 of 476
Answer Stats
% Correct
a
100%
back
100%
back,
100%
beg
100%
blind
100%
but
100%
But
100%
by
100%
came
100%
can
100%
can't
100%
change
100%
do
100%
down
100%
for
100%
force
100%
from
100%
give
100%
go
100%
god
100%
he
100%
he'd
100%
his
100%
I
100%
If
100%
if
100%
in
100%
kingdom,
100%
know
100%
me,
100%
mercy
100%
never
100%
see
100%
show
100%
sight
100%
take
100%
that
100%
the
100%
them
100%
thing
100%
throne,
100%
time
100%
to
100%
To
100%
us
100%
we
100%
We
100%
would
100%
wouldn't
100%
you
100%
You
100%
and
67%
asked
67%
been
67%
Blinded
67%
feeling
67%
him
67%
home
67%
home,
67%
it
67%
it?
67%
knows
67%
meaning
67%
no
67%
surely
67%
tell
67%
Tell
67%
we'd
67%
When
67%
when
67%
abandon
33%
again
33%
all
33%
All
33%
are
33%
at
33%
begins
33%
blood
33%
both
33%
burning
33%
candle
33%
canvas
33%
chose
33%
could
33%
day
33%
die
33%
dying
33%
end
33%
ends
33%
every
33%
fade
33%
fear
33%
flame
33%
forget
33%
fucking
33%
high
33%
into
33%
is
33%
Is
33%
it's
33%
I've
33%
just
33%
kings
33%
lit
33%
live
33%
looking
33%
Lost
33%
low
33%
made
33%
maze,
33%
melting
33%
name
33%
nothing,
33%
of
33%
On
33%
on
33%
our
33%
out,
33%
painted
33%
pay?
33%
price
33%
rat
33%
searching
33%
ship
33%
should've
33%
sinking
33%
sins
33%
smoke
33%
stained
33%
start
33%
suffering?
33%
There's
33%
These
33%
'til
33%
up
33%
vain
33%
vain?
33%
We'll
33%
we'll
33%
We're
33%
where
33%
with
33%
worth
33%
Yeah
33%
caves
0%
drips
0%
drowns
0%
Like
0%
like
0%
moth
0%
treasure
0%
wax
0%
No matching quizzes found
Score Distribution
Percent of People with Each Score
Percentile by Number Answered
Your Score History
You have not taken this quiz